Islands by Countries - Statistics

General Stats
  • This quiz has been taken 62 times
  • The average score is 6 of 12
Answer Stats
Countries Island % Correct
Brunei, Indonesia, Malaysia Borneo
96%
England, Scotland, Wales Great Britain
95%
Dominican Republic, Haiti Hispaniola
89%
Ireland, United Kingdom Ireland
89%
Indonesia, Papua New Guinea New Guinea
87%
East-Timor, Indonesia Timor
82%
Argentina, Chile Tierra del Fuego
44%
Germany, Poland Usedom
20%
Finland, Sweden Market
2%
Indonesia, Malaysia Sebatik Island
2%
Finland, Sweden Kataja
0%
Finland, Russia Koiluoto
0%
No matching quizzes found
Score Distribution
Percent of People with Each Score
Percentile by Number Answered
Your Score History
You have not taken this quiz